00504nam a2200157 a 450000100060000000300090000600800410001504000280005608200170008410000540010124500510015526000420020630000110024865000490025965000380030815790CO-ViMGA141112s2004 ck r 000 u spa d aCO-ViMGAbspacCO-ViMGA04a342.06 C656l1 aColombia : Ministerio de Justicia y del Derecho, 10aLa conciliación en el derecho administrativo aBogotá, cImprenta Nacional, c1998 a165.p.14aCONCILIACION - ASPECTOS JURIDICOS - COLOMBIA14aDERECHO ADMINISTRATIVO - COLOMBIA